Zypern-Quiz - Sudden Death - Statistiken

Allgemein
  • Dieses Quiz wurde 102 mal gespielt
  • Das Durchschnittsergebnis liegt bei 3 aus 10
Answers on the Grid
Answers color-coded by a green-red scale on the quiz's grid according to % correct below.
Dies ist die Flagge Zyperns: 🇨🇾
Zypern ist ein Inselstaat
Zypern ist Mitglied der Europäischen Union
Paphos ist die bevölkerungsreichste Stadt Zyperns und zugleich dessen Hauptstadt
In Zypern leben mehr Männer als Frauen
In Zypern fährt man auf der rechten Straßenseite
Das zypriotische KFZ-Kennzeichen wird mit "CY" abgekürzt
Bisher konnte Zypern den ESC noch nie gewinnen
Zypern ist nicht in der NATO
Laut Legende wurde die griechische Göttin Hestia im Meeresschaum vor der Küste Zyperns geboren
Der geographisch am nächsten an Zypern gelegene Kontinent ist Europa
Der Großteil der Bevölkerung Zyperns spricht Türkisch
Das BIP pro Kopf in Zypern ist höher als das in Spanien
Flächenmäßig ist Zypern größer als Luxemburg
In Zypern zahlt man mit dem Euro
Zypern grenzt an ein Land mit dieser Flagge: 🇬🇷
Die Küstenlänge von Zypern ist größer als die von Aserbaidschan
Zypern hat weniger Einwohner als Malta und Montenegro gemeinsam
Zypern hat keine einzige Stadt mit mindestens 1 Million Einwohnern
Zypern ist die zweitgrößte Insel des Mittelmeers
 
Antwortstatistiken
Antwort % Korrekt
Dies ist die Flagge Zyperns: 🇨🇾
51%
Zypern ist ein Inselstaat
44%
In Zypern zahlt man mit dem Euro
39%
Zypern ist Mitglied der Europäischen Union
39%
Zypern hat keine einzige Stadt mit mindestens 1 Million Einwohnern
29%
Bisher konnte Zypern den ESC noch nie gewinnen
24%
Zypern ist nicht in der NATO
24%
Flächenmäßig ist Zypern größer als Luxemburg
17%
Das zypriotische KFZ-Kennzeichen wird mit "CY" abgekürzt
15%
Das BIP pro Kopf in Zypern ist höher als das in Spanien
5%
Keine übereinstimmenden Quizze gefunden
Verteilung der Resultate
Anzahl Personen mit jedem Resultat
Perzentil nach korrekt beantworteten Fragen
Ihre Resultats-Entwicklung
Sie haben dieses Quiz noch nicht gespielt